[Event "Martorell op 37th C"]
[Site "Martorell"]
[Date "2019.09.14"]
[Round "1.2"]
[White "Ruiz Talavera, Adolfo"]
[Black "Gili Fernandez, Guillermo"]
[Result "1-0"]
[WhiteElo "1823"]
[BlackElo "1666"]
[PlyCount "71"]
[EventDate "2019.09.14"]
[EventType "swiss"]
[EventRounds "9"]
[EventCountry "ESP"]
[SourceTitle "EXT 2024"]
[Source "ChessBase"]
[SourceDate "2023.10.10"]
[SourceVersion "1"]
[SourceVersionDate "2023.10.10"]
[SourceQuality "1"]

1. d4 d5 2. c4 c6 3. Nc3 Nf6 4. Nf3 e6 5. Bg5 Bd6 6. e3 0-0 7. Bd3 Re8 8. 0-0 Nbd7 9. Re1 b6 10. Qc2 h6 11. Bh4 Bb7 12. b3 Qc7 13. h3 Rac8 14. e4 dxe4 15. Nxe4 Be7 16. Bg3 Qd8 17. Ne5 Nxe5 18. Bxe5 Nxe4 19. Rxe4 c5 20. Rf4 Bf6 21. Rd1 cxd4 22. Rxd4 Qe7 23. Bd6 Qd7 24. Rg4 Qc6 25. Be4 Qd7 26. Be5 Qe7 27. Bxb7 Qxb7 28. Bxf6 g6 29. Qc1 Kh7 30. Rh4 h5 31. Rhd4 Qc7 32. Rd7 Qb8 33. Rxf7+ Kg8 34. Rdd7 Rf8 35. Rg7+ Kh8 36. Qh6# 1-0